[Event "Vidnoe-ch 32nd sf"]
[Site "Vidnoe"]
[Date "2010.09.12"]
[Round "3"]
[White "Marchenkov, Timofej"]
[Black "Dukaev, Edgar"]
[Result "0-1"]
[WhiteElo "1968"]
[BlackElo "2096"]
[PlyCount "64"]
[EventDate "2010.09.12"]
[EventType "swiss"]
[EventRounds "10"]
[EventCountry "RUS"]
[SourceTitle "EXT 2022"]
[Source "ChessBase"]
[SourceDate "2021.10.06"]
[SourceVersion "1"]
[SourceVersionDate "2021.10.06"]
[SourceQuality "1"]

1. e4 c5 2. Nf3 d6 3. d4 cxd4 4. Nxd4 Nc6 5. Nc3 Nf6 6. Bc4 a6 7. 0-0 e6 8. Bg5 Be7 9. Kh1 0-0 10. f4 Qc7 11. f5 b5 12. Nxc6 Qxc6 13. Bd3 Bb7 14. Bxf6 Bxf6 15. Qg4 exf5 16. exf5 Bxc3 17. f6 Bxf6 18. Rxf6 Qxg2+ 19. Qxg2 Bxg2+ 20. Kxg2 gxf6 21. Kf2 Kh8 22. Be4 Rac8 23. Rd1 Rfd8 24. Rg1 Rg8 25. Rd1 Rcd8 26. Rd3 Rg4 27. Kf3 Rg5 28. Kf2 Kg7 29. Rh3 h5 30. Rd3 d5 31. h4 Rg4 32. Bxd5 Rxh4 0-1

[Event "Vidnoe-ch 32nd sf"]
[Site "Vidnoe"]
[Date "2010.09.12"]
[Round "6"]
[White "Marchenkov, Timofej"]
[Black "Seleznev, Anatoly"]
[Result "1-0"]
[WhiteElo "1968"]
[BlackElo "2126"]
[PlyCount "47"]
[EventDate "2010.09.12"]
[EventType "swiss"]
[EventRounds "10"]
[EventCountry "RUS"]
[SourceTitle "EXT 2022"]
[Source "ChessBase"]
[SourceDate "2021.10.06"]
[SourceVersion "1"]
[SourceVersionDate "2021.10.06"]
[SourceQuality "1"]

1. e4 c6 2. d4 d5 3. Nc3 g6 4. Nf3 Bg7 5. Be2 dxe4 6. Nxe4 Nf6 7. Nxf6+ Bxf6 8. Bh6 Qa5+ 9. c3 Qh5 10. Qd2 Bg4 11. 0-0-0 Nd7 12. h3 Be6 13. Ne5 Qf5 14. Bd3 Qxe5 15. dxe5 Nxe5 16. Bc2 Bd5 17. f4 Nc4 18. Qe2 Rd8 19. Bg5 Kf8 20. Bxf6 exf6 21. Bb3 Re8 22. Qf2 Ne3 23. Bxd5 Nxd1 24. Rxd1 1-0